书目信息 |
| 题名: |
东盟、中国与印度:大转型
|
|
| 作者: | ;张成智 译 ;亚洲开发银行 , 亚洲开发银行 编 | |
| 分册: | ||
| 出版信息: | 北京 社会科学文献出版社 2016 |
|
| 页数: | 261页 | |
| 开本: | 24cm | |
| 丛书名: | 亚洲研究丛书 | |
| 单 册: | ||
| 中图分类: | F114.46 | |
| 科图分类: | ||
| 主题词: | 区域经济合作--qu yu jing ji he zuo--国际合作--东南亚国家联盟--中国--印度 | |
| 电子资源: | ||
| ISBN: | 978-7-5097-9038-0 | |
| 000 | 01412nam0 22003131 450 | |
| 001 | 0109172520 | |
| 005 | 20170309172520.0 | |
| 010 | @a978-7-5097-9038-0@dCNY79.00 | |
| 100 | @a20160712d2016 em y0chiy50 ea | |
| 101 | 1 | @achi@ceng |
| 102 | @aCN@b110000 | |
| 105 | @ay z 000yy | |
| 106 | @ar | |
| 200 | 1 | @a东盟、中国与印度:大转型@9dong meng zhong guo yu yin du da zhuai xing@dASEAN, PRC, and India: the great transformation@f亚洲开发银行,亚洲开发银行研究院编@g张成智译@zeng |
| 210 | @a北京@c社会科学文献出版社@d2016 | |
| 215 | @a261页@d24cm | |
| 225 | 2 | @a亚洲研究丛书@9ya zhou yan jiu cong shu@v09 |
| 300 | @a亚洲开发银行和亚洲开发银行学院联合研究 | |
| 305 | @a本书根据亚洲开发银行研究院(东京)2014年版本译出 | |
| 330 | @a本书从经济繁荣、生活质量、资源和环境管理、区域和全球合作四个维度揭示了大转型的范围、前景及面临的挑战,提出了明确的政策建议,并最终得出结论,大转变有可能实现,但是它需要向包容、绿色、知识型增长的模式转变。 | |
| 461 | 0 | @12001 @a亚洲研究丛书 |
| 510 | 1 | @aASEAN, PRC, and India: the great transformation@zeng |
| 606 | 0 | @a区域经济合作@9qu yu jing ji he zuo@x国际合作@x东南亚国家联盟@y中国@y印度 |
| 690 | @aF114.46@v5 | |
| 702 | 0 | @a张成智@9zhang cheng zhi@c(翻译)@4译 |
| 711 | 02 | @a亚洲开发银行@9ya zhou kai fa yin hang@4编 |
| 711 | 02 | @a亚洲开发银行@9ya zhou kai fa yin hang@b研究院@4编 |
| 801 | 0 | @aCN@bTANGWEI@c20170308 |
| 905 | @b0954225-7@dF114.46@e180@f3 | |
| 东盟、中国与印度:大转型=ASEAN, PRC, and India: the great transformation/亚洲开发银行,亚洲开发银行研究院编/张成智译.-北京:社会科学文献出版社,2016 |
| 261页;24cm.-(亚洲研究丛书;09) |
| 亚洲开发银行和亚洲开发银行学院联合研究 |
| ISBN 978-7-5097-9038-0:CNY79.00 |
| 本书从经济繁荣、生活质量、资源和环境管理、区域和全球合作四个维度揭示了大转型的范围、前景及面临的挑战,提出了明确的政策建议,并最终得出结论,大转变有可能实现,但是它需要向包容、绿色、知识型增长的模式转变。 |
| ● |
| 相关链接 |
|
|
|
|
正题名:东盟、中国与印度:大转型
索取号:F114.46/180
 
预约/预借
| 序号 | 登录号 | 条形码 | 馆藏地/架位号 | 状态 | 备注 |
| 1 | 0954225 | 209542253 | 第一样本阅览室/ [索取号:F114.46/180] | 在馆 | |
| 2 | 0954226 | 209542262 | 第一借阅区/ [索取号:F114.46/180] | 在馆 | |
| 3 | 0954227 | 209542271 | 第一借阅区/ [索取号:F114.46/180] | 在馆 |